| 000 | 01105nam a22002537a 4500 | ||
|---|---|---|---|
| 005 | 20170124102953.0 | ||
| 010 | _aA-363670 | ||
| 020 | _c80.00 | ||
| 035 | _aA-363670 | ||
| 037 | _bCen Lib/Ret | ||
| 040 |
_aDPL _bHN |
||
| 082 |
_a821.08 _bभवानी |
||
| 245 |
_aभवानी प्रसाद मिश्र / _cसम्पादक सुरेश चन्द्र त्यागी |
||
| 246 |
_aBhavani Prasad Mishra / _bedited by Suresh Chandra Tyagi |
||
| 260 |
_aसहारनपुर _bआशिर प्रकाशन _c1988 |
||
| 270 |
_aरामजीवननगर, चिलकाना रोड _bसहारनपुर _e247001 |
||
| 300 |
_axv,258पृ. _c21सेमी (सजिल्द) |
||
| 650 |
_aहिन्दी -- साहित्य _952196 |
||
| 650 |
_aहिन्दी -- कविताएँ _952197 |
||
| 650 |
_aHindi - literature _952198 |
||
| 650 |
_aHindi -- Poems _952199 |
||
| 700 |
_aत्यागी, सुरेश चन्द्र _944834 |
||
| 942 |
_2ddc _cHN _h821.08 _mभवानी |
||
| 999 |
_c113428 _d113428 |
||